| 000 | 00407nam a2200181Ia 4500 | ||
|---|---|---|---|
| 001 | 14106 | ||
| 005 | 20260306164850.0 | ||
| 008 | 260306t2011||||xx |||||||||||||| ||spa|| | ||
| 041 | _aESP | ||
| 082 |
_a006.6 _bH31 2011 |
||
| 100 |
_aHearn, Donald _eAUT |
||
| 245 | 0 |
_aComputer graphics: _bwith OpenGL |
|
| 260 | _c2011 | ||
| 300 |
_a _c |
||
| 650 | _aGEN | ||
| 654 | _aCCC | ||
| 942 |
_cLIB _dJUS _fJUS _2ddc _n |
||
| 999 |
_c14106 _d14106 |
||